Viaje al Desierto de Atacama
Kaydedildi:
| Yazar: | |
|---|---|
| Materyal Türü: | Kitap |
| Dil: | İspanyolca |
| Baskı/Yayın Bilgisi: |
Santiago
Cámara Chilena de la Construcción
2008
Santiago Pontificia Universidad Católica de Chile 2008 Santiago Dirección de Bibliotecas, Archivos y Museos 2008 |
| Seri Bilgileri: | Biblioteca Fundamentos de la Construcción de Chile, 39
|
| Konular: | |
| Etiketler: |
Etiketle
Etiket eklenmemiş, İlk siz ekleyin!
|
MARC
| LEADER | 00000nam a2200000 a 4500 | ||
|---|---|---|---|
| 001 | UCH5062 | ||
| 003 | CL-VaPUC | ||
| 008 | 090916e20080000cl |||||||||||||||||spa|d | ||
| 020 | |a 9789568306199 | ||
| 082 | 0 | 4 | |a 918.313 |b PHI |2 21 |
| 100 | 0 | |a Philippi, Rodulfo Amando |e author |9 505016 | |
| 245 | 1 | 0 | |a Viaje al Desierto de Atacama |
| 300 | |a 417 p | ||
| 942 | |c BK | ||
| 945 | |d 20090916 00:00:00 |a dcastane | ||
| 260 | |a Santiago |b Cámara Chilena de la Construcción |c 2008 | ||
| 260 | |a Santiago |b Pontificia Universidad Católica de Chile |c 2008 | ||
| 260 | |a Santiago |b Dirección de Bibliotecas, Archivos y Museos |c 2008 | ||
| 650 | 0 | |a Viajes |9 257115 | |
| 650 | 0 | |a Descripciones y viajes |9 262159 | |
| 651 | 7 | |a CHILE |2 CL-VaPUC |9 541188 | |
| 651 | 0 | |a Desierto de Atacama |9 443691 | |
| 583 | |a last modification |c 20130724 05:32:58 |k Rodrigo Vera | ||
| 490 | 0 | |a Biblioteca Fundamentos de la Construcción de Chile, 39 | |
| 999 | |c 336271 |d 336269 | ||
| 952 | |0 0 |1 0 |4 0 |6 918_313000000000000_PHI_2008_2008_2008 |7 0 |8 X |9 427277 |a FDOBUD |b FDOBUD |d 2019-11-22 |i 4596536 |o 918.313 PHI 2008 2008 2008 |p 4596536 |r 2019-11-22 |w 2019-11-22 |y BK_X |k BUD | ||